| 000 | 00790nam a2200217Ii 4500 | ||
|---|---|---|---|
| 003 | JO-AjNU | ||
| 008 | 230605s9999||||xx |||||||||||||| ||und|| | ||
| 017 | _a1429/5930 | ||
| 020 | _a978-960-00-320-7 | ||
| 040 |
_aJO-AjNU _bara _erda _cJO-AjNU |
||
| 041 | _aara | ||
| 050 | 1 | 4 | _aZA3075.T3912 2008 |
| 100 | 3 |
_aتايلور، جوي ؛ ترجمة حمد بن ابراهيم العمران , _eauthor _927655 |
|
| 245 | 0 | 0 | _aالوعي المعلوماتي ومراكز التعلم =Information Literacy and library center |
| 264 | 3 | 1 | _aالرياض :مكتبة الملك فهد ،2008 |
| 300 | _a255ص | ||
| 336 |
_atext _btxt _2rdacontent |
||
| 337 |
_aunmediated _bn _2rdamedia |
||
| 338 |
_avolume _bnc _2rdacarrier |
||
| 650 | 4 |
_aمراكز المعلومات-مصادر _927656 |
|
| 999 |
_aA10634 _c14202 _d14202 |
||